Shakespeare : (Registro nro. 6569)

Detalles MARC
000 -LEADER
fixed length control field 01337nam a22002417a 4500
003 - CONTROL NUMBER IDENTIFIER
control field OSt
005 - DATE AND TIME OF LATEST TRANSACTION
control field 20200220141916.0
008 - FIXED-LENGTH DATA ELEMENTS--GENERAL INFORMATION
fixed length control field 200220s2018 ck ac||gr|||| 00| sdspa d
040 ## - CATALOGING SOURCE
Original cataloging agency CO-JMCR
Transcribing agency CO-JMCR
041 ## - LANGUAGE CODE
Language code of text/sound track or separate title spa
082 04 - DEWEY DECIMAL CLASSIFICATION NUMBER
Classification number 102
Item number Z947s
100 1# - MAIN ENTRY--PERSONAL NAME
Personal name Zuleta, Estanislao,
Relator term autor
9 (RLIN) 807
245 ## - TITLE STATEMENT
Title Shakespeare :
Remainder of title una indagación sobre el poder
Statement of responsibility, etc. Estanislao Zuleta ; editor, Antonio García Ángel
250 ## - EDITION STATEMENT
Edition statement Primera edición
260 ## - PUBLICATION, DISTRIBUTION, ETC.
Place of publication, distribution, etc. Bogotá :
Name of publisher, distributor, etc. Idartes,
Date of publication, distribution, etc. 2018
300 ## - PHYSICAL DESCRIPTION
Extent 210 páginas :
Other physical details ilustraciones, retratos a blanco y negro ;
Dimensions 16 cm.
490 ## - SERIES STATEMENT
Series statement Libro al viento. Clasicos de siempre de la literatura ;
Volume/sequential designation 137
505 ## - FORMATTED CONTENTS NOTE
Title Estanislao Zuleta, la palabra dicha /
Statement of responsibility Antonio García Ángel
Title Shakespeare: una indagación sobre el poder
-- Ricardo III: la pulsión de muerte y el poder -- Macbeth: el éxito del poder como fracaso -- Otelo: el drama de los celos y el poder -- La tempestad: la reconciliación por medio del arte --
520 ## - SUMMARY, ETC.
Summary, etc. En este libro el lector podrá vivir una experiencia muy cercana a lo que era una lectura comentada, o lo que se conoce como <<Una charla Zuleta>>, que fue lo que realizo como expositor durante gran parte de su vida.
650 14 - SUBJECT ADDED ENTRY--TOPICAL TERM
Topical term or geographic name entry element Shakespeare, William,
General subdivision Crítica e interpretación
9 (RLIN) 808
700 1# - ADDED ENTRY--PERSONAL NAME
Personal name García Ángel, Antonio,
Relator term editor
9 (RLIN) 809
942 ## - ADDED ENTRY ELEMENTS (KOHA)
Source of classification or shelving scheme Dewey Decimal Classification
Koha item type Books
Existencias
Withdrawn status Lost status Source of classification or shelving scheme Damaged status Not for loan Home library Current library Shelving location Date acquired Source of acquisition Cost, normal purchase price Total Checkouts Full call number Barcode Date last seen Date last checked out Copy number Price effective from Koha item type
    Dewey Decimal Classification     Biblioteca Pública José María del Castillo y Rada Biblioteca Pública José María del Castillo y Rada Processing Center 12/19/2019 Donación 0.00 3 102 / Z947s 201809456 10/19/2023 10/19/2023 Ej.2 02/20/2020 Books